Largest Cities in the World Quiz - Statistics

General Stats
  • This quiz has been taken 39 times
  • The average score is 57 of 81
Answer Stats
Population City % Correct
28,514,000 Delhi
100%
9,046,000 London
100%
21,581,000 Mexico City
100%
12,410,000 Moscow
100%
37,400,068 Tokyo
100%
19,618,000 Beijing
97%
10,391,000 Lima
97%
18,819,000 New York City
97%
10,901,000 Paris
97%
21,650,000 São Paulo
97%
25,582,000 Shanghai
97%
10,574,000 Bogotá
94%
20,076,000 Cairo
94%
14,751,000 Istanbul
94%
6,497,000 Madrid
94%
13,293,000 Rio de Janeiro
94%
14.967,000 Buenos Aires
91%
5,383,000 Saint Petersburg
91%
9,963,000 Seoul
91%
10,156,000 Bangkok
89%
10,517,000 Jakarta
89%
5,486,000 Johannesburg
89%
14,681,000 Kolkata
89%
19,980,000 Mumbai
89%
6,680,000 Santiago
89%
8,896,000 Tehran
89%
6,082,000 Toronto
89%
8,864,000 Chicago
86%
8,145,000 Ho Chi Minh City
86%
15,400,000 Karachi
86%
13,463,000 Lagos
86%
12,458,000 Los Angeles
86%
13,482,000 Manila
86%
7,564,000 Kuala Lumpur
83%
19,281,000 Osaka
83%
12,638,000 Guangzhou
80%
6,115,000 Houston
80%
11,738,000 Lahore
80%
5,792,000 Singapore
80%
6,812,000 Baghdad
77%
6,099,000 Dallas
77%
19,578,000 Dhaka
77%
13,171,000 Kinshasa
77%
11,440,000 Bangalore
74%
5,494,000 Barcelona
74%
7,429,000 Hong Kong
74%
8,176,000 Wuhan
74%
6,036,000 Miami
71%
5,695,000 Philadelphia
71%
5,572,000 Atlanta
69%
10,456,000 Chennai
69%
5,207,000 Washington D.C.
69%
5,023,000 Guadalajara
66%
7,444,000 Xi'an
66%
6,907,000 Riyadh
63%
9,482,000 Hyderabad
60%
7,774,000 Luanda
60%
13,215,000 Tianjin
57%
14,838,000 Chongqing
54%
5,534,000 Khartoum
54%
8,813,000 Chengdu
51%
6,048,000 Dar es Salaam
51%
9,507,000 Nagoya
51%
5,086,000 Alexandria
49%
5,972,000 Belo Horizonte
49%
6,276,000 Pune
49%
11,908,000 Shenzhen
49%
5,157,000 Yangon
49%
7,681,000 Ahmedabad
46%
8,245,000 Nanjing
43%
7,236,000 Hangzhou
37%
5,381,000 Qingdao
37%
5,551,000 Fukuoka
34%
6,115,000 Harbin
34%
6,564,000 Surat
31%
6,921,000 Shenyang
26%
5,300,000 Dalian
23%
7,360,000 Dongguan
14%
5,052,000 Jinan
14%
7,236,000 Foshan
11%
6,339,000 Suzhou
11%
No matching quizzes found
Score Distribution
Percent of People with Each Score
Percentile by Number Answered
Your Score History
You have not taken this quiz